Venezianische malerei
Збережено в:
| Автор: | |
|---|---|
| Формат: | Книга |
| Мова: | Німецька |
| Опубліковано: |
Berlín
Safari Verlag
1949
|
| Предмети: | |
| Теги: |
Додати тег
Немає тегів, Будьте першим, хто поставить тег для цього запису!
|
MARC
| LEADER | 00000nam a2200000 a 4500 | ||
|---|---|---|---|
| 001 | UCY9149 | ||
| 003 | CL-VaPUC | ||
| 008 | 950713e19490000GW |||||||||||||||||ger|d | ||
| 082 | 0 | 4 | |a 709.032 |b SCH |2 21 |
| 100 | 0 | |a Scheffler, Karl |e author |9 341174 | |
| 245 | 1 | 0 | |a Venezianische malerei |
| 300 | |a 281 p | ||
| 942 | |c BK | ||
| 945 | |d 19950713 00:00:00 |a rbrito | ||
| 260 | |a Berlín |b Safari Verlag |c 1949 | ||
| 650 | 0 | |a Pintura italiana |9 265293 | |
| 650 | 0 | |a Renacimiento |9 255107 | |
| 650 | 0 | |a Historia |9 255047 | |
| 650 | 0 | |a Pintores italianos |9 265277 | |
| 651 | 0 | |a Italia |9 254949 | |
| 583 | |a last modification |c 19950713 00:00:00 |k Rodrigo Vera | ||
| 999 | |c 236279 |d 236277 | ||
| 952 | |0 0 |1 0 |4 0 |6 709_032000000000000_SCH_1949 |7 0 |8 X |9 244306 |a BIBHIS |b BIBHIS |d 2019-11-18 |i 3097137 |o 709.032 SCH 1949 |p 3097137 |r 2024-01-30 |w 2019-11-18 |y BK_X |k HIS | ||